Sborník věděckých prací Lékařské fakulty Karlovy university v Hradci Králové

Bibliographic Details
New Title:Acta medica Lékařské fakulty Univerzity Karlovy v Hradci Králové
Corporate Author: Univerzita Karlova. Lékařská fakulta v Hradci Králové
Format: Journal
Language:Czech
English
Russian
PhysicalDescription:zv. 25 cm
Published: Praha Karolinum 1958-1995
ISSN:0049-5514
1211-4286
Subjects:

MARC

LEADER 00000nas a2200000 i 4500
001 vtls008882061
003 SK-MaSNL
005 20260228162230.0
008 020308c19589999CZ br par 0 0 b0czeod
022 |a 0049-5514 
035 |a (SVKBB03)vtls000108472 
040 |a SVKBB  |b slo  |c SVKBB  |d SNK  |e AACR2 
041 0 |a cze  |a eng  |a rus 
044 |a xr  |c CZ 
072 7 |a 61  |x Lekárske vedy. Medicína  |2 konspekt 
072 7 |a 00  |x Veda. Všeobecnosti. Základy vedy a kultúry. Vedecká práca  |2 konspekt 
080 |a 61  |2 2011 
080 |a 001.81/.87  |2 2011 
080 |a (082)  |2 2011 
080 |a 050  |2 2011 
210 0 |a Sb. věd. pr. Lék. fak. Univ. Karlovy Hradci Král. 
222 0 |a Sborník vědeckých prací Lékařské fakulty Univerzity Karlovy v Hradci Králové 
245 0 0 |a Sborník věděckých prací Lékařské fakulty Karlovy university v Hradci Králové 
246 3 1 |a Collection of Scientific Works of the Charles University Faculty of Medicine in Hradec Králové 
246 3 3 |a Sborník vědeckých prací LF UK v Hradci Králové 
260 |a Praha  |b Karolinum  |c 1958-1995 
300 |a zv.  |c 25 cm 
310 |a 5x ročne 
362 0 |a Sv. 1, č. 1 (1958)-sv. 38 (1995) 
546 |a Text aj v angl., ruš. 
650 0 7 |a medicína  |2 SNKPH  |9 899 
650 0 7 |a vedecké práce  |2 SNKPH  |9 62155 
655 7 |a zborníky  |2 SNKPH  |9 70165 
710 2 |a Univerzita Karlova.  |b Lékařská fakulta v Hradci Králové  |9 203796 
770 0 |t Supplementum Sborníku vědeckých prací Lékařské fakulty Univerzity Karlovy v Hradci Králové 
785 0 0 |t Acta medica Lékařské fakulty Univerzity Karlovy v Hradci Králové  |x 1211-4286 
910 |a snk 
999 |c 7217  |d 9147 
952 |0 0  |1 1  |4 0  |7 0  |a SNK  |b SNK  |d 1997-03-20  |l 0  |o snkČC 1479/28/1985  |p 17A0056254  |r 2005-01-02 00:00:00  |t č. 1-5  |w 2026-02-21  |y PREZ 
952 |0 0  |1 1  |4 0  |7 0  |a SNK  |b SNK  |d 1997-03-20  |l 0  |o snkČC 1479/30/1987  |p 17A0056250  |r 2005-01-02 00:00:00  |t č. 1-5  |w 2026-02-21  |y PREZ 
952 |0 0  |1 1  |4 0  |7 0  |a SNK  |b SNK  |d 2013-11-28  |i snkKIP 54/63  |l 0  |o snkČC 1479/5/1962  |p 17A1023147  |r 2026-02-21 19:32:50  |w 2026-02-21  |y PREZ